LEADER 01106nam0 22002771i 450 001 UON00429628 005 20231205104901.803 100 $a20130909d1962 |0itac50 ba 101 $aeng 102 $aGB 105 $a|||| 1|||| 200 1 $aArthur Hugh Clough$fIsobel Armstrong 210 $aLondon$cLongmans$d1962 215 $a48 p.$d23 cm. 410 1$1001UON00343607$12001 $aWriters and Their Work$1210 $aLondon$cLongmans Green & CO.$v148 606 $aCLOUGH HUGH ARTHUR$3UONC084544$2FI 620 $aGB$dLondon$3UONL003044 676 $a820.09$cLetteratura inglese e in antico inglese. Storia, descrizione, studi critici$v21 700 1$aARMSTRONG$bIsobel$3UONV123199$0164623 712 $aLongmans, Green & Co.$3UONV273257$4650 801 $aIT$bSOL$c20240220$gRICA 899 $aSIBA - SISTEMA BIBLIOTECARIO DI ATENEO$2UONSI 912 $aUON00429628 950 $aSIBA - SISTEMA BIBLIOTECARIO DI ATENEO$dSI Angl V B CLO ARM $eSI SI 379 5 $sBuono 996 $aArthur Hugh Clough$9532963 997 $aUNIOR